000
00214nam a22000857a 4500
008
161122b xxu||||| |||| 00| 0 eng d
100
_9
1331
_a
Dahl.R.
245
_a
James and the Giant Peach
260
_a
USA
_b
Jonathan
_c
1995
999
_c
4043
_d
4043